Central Library OPAC University of Rajshahi

Arthur Hugh Clough : (Record no. 17888)

MARC details
000 -LEADER
fixed length control field 00761nam a22002531 4500
001 - CONTROL NUMBER
control field 17888
003 - CONTROL NUMBER IDENTIFIER
rucl marc code BD-RjUL
005 - DATE AND TIME OF LATEST TRANSACTION
control field 20211209000216.0
008 - FIXED-LENGTH DATA ELEMENTS--GENERAL INFORMATION
fixed length control field 140219s1962 enk 001 0 eng
035 ## - SYSTEM CONTROL NUMBER
System control number (BD-RjUL)17946
System control number (OCoLC)295701
040 ## - CATALOGING SOURCE
Original cataloging agency DLC
Transcribing agency OYU
Modifying agency Uk
-- DLC
-- BD-RjUL
Language of cataloging eng
041 ## - LANGUAGE CODE
Language code of text/sound track or separate title eng
082 ## - DEWEY DECIMAL CLASSIFICATION NUMBER
Classification number 821.8
Author mark and year CHA 1962
100 1# - MAIN ENTRY--PERSONAL NAME
Personal name Chorley, Katharine
Dates associated with a name 1897-
9 (RLIN) 55204
245 10 - TITLE STATEMENT
Title Arthur Hugh Clough :
Remainder of title the uncommitted mind: a study of his life and poetry /
Statement of responsibility, etc. Katharine Chorley
260 ## - PUBLICATION, DISTRIBUTION, ETC. (IMPRINT)
Place of publication, distribution, etc. Oxford :
Name of publisher, distributor, etc. Clarendon Press,
Date of publication, distribution, etc. c1962.
300 ## - PHYSICAL DESCRIPTION
Pagination ix, 372 p. ;
Size 21 cm.
504 ## - BIBLIOGRAPHY, ETC. NOTE
Bibliography, etc Includes index.
600 10 - SUBJECT ADDED ENTRY--PERSONAL NAME
Personal name Clough, Arthur Hugh,
Dates associated with a name 1819-1861.
942 ## - ADDED ENTRY ELEMENTS (KOHA)
Source of classification or shelving scheme Dewey Decimal Classification
Koha item type Books
Holdings
Lost status Source of classification or shelving scheme Damaged status Not for loan Collection code Permanent Location Current Location Shelving location Date acquired Source of acquisition Cost, normal purchase price Total Checkouts Full call number Date last seen Copy number Koha item type
  Dewey Decimal Classification   Not For Loan Non-fiction Central Library, University of Rajshahi Central Library, University of Rajshahi Reading Room 12/01/1970 Zeit 0.00   821.8 CHA 1962 19/02/2014 C-1 Books